|
|
|
|
| LEADER |
00673cam a2200193 7i4500 |
| 001 |
0000023087 |
| 005 |
20090715090000.0 |
| 090 |
0 |
0 |
|a MAT 641.3
|b MAL
|
| 110 |
2 |
0 |
|a Malaysia External Trade Development Corporation (MATRADE)
|
| 245 |
2 |
0 |
|a Food and beverage sector in Poland.
|
| 260 |
0 |
0 |
|a Budapest:
|b MATRADE Budapest,
|c 2008.
|
| 300 |
# |
# |
|a 25 p.
|
| 440 |
0 |
0 |
|a Product market study : 2008
|
| 650 |
0 |
0 |
|a Food industry and trade --
|z Poland
|
| 650 |
0 |
0 |
|a Food --
|x Markets --
|z Poland
|
| 650 |
0 |
0 |
|a Beverages --
|x Markets --
|z poland
|
| 650 |
0 |
0 |
|a Beverages industry and trade --
|z Poland
|
| 651 |
0 |
0 |
|a Poland
|
| 999 |
|
|
|a 0000024807
|b Book
|c MATRADEs Collection
|e Business Information Centre
|